000 01019cam a2200217 a 4500
003 OSt
005 20260402142428.0
008 100507s2011 enka b 001 0 eng
020 _a9780199734078 (hbk)
082 0 0 _a346.0482 EFR
100 1 _aEfroni, Zohar
245 1 0 _aAccess-right :
_bthe future of digital copyright law /
_cZohar Efroni
260 _aNew York :
_bOxford University Press,
_c2011.
300 _axxiv, 608 p. :
_c24 cm.
365 _bRs. 5187.00
505 _aContents: Part 1. Information, property, access; 1. Information; 2. Property and property rights; 3. Access; Part 2. Digital reproduction, digital communication, and anticircumvention law; 4. The digital reproduction right; 5. The digital communication right; 6. Anticircumvention laws; Part 3. The present and future of the access-right. 7. The present; 8. The future.
650 0 _aCopyright, International.
650 0 _aElectronic publishing
_xLaw and legislation.
650 0 _aFair use (Copyright)
942 _2ddc
_cBK
999 _c29967
_d29967